Ravyn Lenae - Love me not - Statistics

General Stats
  • This quiz has been taken 201 times
  • The average score is 382 of 494
Answer Stats
Answer % Correct
i
99%
you
99%
no
96%
right
95%
see
94%
a
92%
he
91%
to
91%
oh
90%
here
89%
need
89%
we
89%
and
88%
now
88%
it
87%
me
87%
wish
87%
but
86%
come
86%
hard
86%
were
86%
it's
85%
miss
85%
get
83%
so
81%
be
79%
everywhere
79%
love
76%
down
75%
when
74%
i'm
73%
(i'm
73%
leave
73%
not
72%
go
71%
hold
70%
in
70%
slow
70%
never
69%
the
69%
pair
68%
think
68%
time
68%
could
67%
lets
67%
let's
67%
all
66%
loves
66%
then
66%
on
65%
thinking
65%
this
65%
don't
64%
holds
64%
tight
64%
break
63%
strong
62%
enough
61%
your
61%
up
60%
breaking
57%
sink
56%
cool
55%
i'll
54%
out
54%
somewhere
54%
once
53%
take
53%
slowly
52%
want
52%
if
48%
that
48%
you're
48%
always
47%
connection
47%
got
45%
lose
45%
say
45%
night
44%
again
43%
of
43%
together
43%
at
42%
back
42%
round
42%
end
41%
meet
41%
sorry
41%
morning
40%
until
40%
away
39%
affection
38%
alright
38%
far
38%
getting
38%
holdin
38%
strung
38%
wake
38%
worry
37%
as
36%
care
36%
everything's
36%
forever
36%
messy
36%
story
36%
yours
36%
keep
35%
grip
34%
soon
33%
loosen
31%
my
31%
gotta
29%
lord
29%
mind
27%
mind)
27%
pray
27%
am
24%
god
22%
losing
22%
No matching quizzes found
Score Distribution
Percent of People with Each Score
Percentile by Number Answered
Your Score History
You have not taken this quiz